|
|
|
|
| LEADER |
00000nam a22000007a 4500 |
| 005 |
20191118154349.0 |
| 007 |
cr|||| |||| |
| 008 |
191118s2017 bo |||||s|||| 00||0 spa d |
| 020 |
|
|
|a 978-84-340-2401-4
|
| 035 |
|
|
|a 30720
|
| 040 |
|
|
|a vLex
|
| 090 |
|
|
|c 10063
|d 10063
|
| 100 |
1 |
|
|a Medinaceli Da̕z, Karina Ingrid
|
| 245 |
1 |
2 |
|a El tratamiento de los datos sanitarios en la historia cln̕ica electrn̤ica
|h [Recurso electrn̤ico] :
|b Caso Boliviano /
|c Karina Ingrid Medinaceli Da̕z
|
| 256 |
|
|
|a Servicio en ln̕ea
|
| 260 |
|
|
|a La Paz:
|b Instituto de Investigaciones, Seminarios y Tesis de la Carrera de Derecho de la Universidad Mayor de San Andrš,
|c 2017
|
| 300 |
|
|
|a 1 recurso electrn̤ico
|
| 506 |
1 |
|
|a Disponible solo en los productos indicados
|d vLex Global
|d vLex Global (Academic Edition, excluding Law Schools)
|d vLex Global (U.S. Academic Edition, Law Schools)
|d vLex Global (U.S. Academic Edition, excluding Law Schools)
|d vLex Global (Academic Edition, Law Schools)
|
| 650 |
0 |
4 |
|a Derecho Pb︢lico y Administrativo
|z Bolivia
|
| 650 |
0 |
4 |
|a Derecho de las Nuevas Tecnologa̕s
|z Bolivia
|
| 740 |
0 |
|
|a vLex Libros (Servicio en ln̕ea)
|
| 856 |
4 |
0 |
|u http://vlex.com/source/tratamiento-de-los-datos-sanitarios-en-la-historia-clinica-electronica-caso-boliviano-30720
|z Acceso restringido
|
| 942 |
|
|
|c BOOK
|
| 999 |
0 |
|
|a Public and Administrative Law
|
| 999 |
0 |
|
|a New Technology Law
|